00719nam a2200241 a 4500001001300000003000900013005001700022008004100039020000900080082002000089100002200109245004800131260004500179300001000224500003500234505001000269650003000279700002200309902000800331942000700339952011600346999001500462nice12345678IN_TiNIC20260116011542.0050524s1955 lona grp 000 0 eng  ac4500a297.122521bARB aArberry, Arthur J aQuran Interpretedb Vol. 2, Surahs Xxi-Cxiv aLondonbGeorge Allen and Unwin Ltdc1955 a367p. aincludes index and biblioraphy2 aIndex aQuran-Translation-English1 aArberry, Arthur J bSRS cBK 001040708StackRoom-aHMIbHMId2007-07-31g45.00l0o297.122521 ARBp097r2007-07-31v45.00w2005-05-24yBK c2558d2558